Logo BPK

Biblioteka

Politechniki Koszalińskiej

Mechatronic systems and materials MSM' 2006 : (Rekord nr 53207)

Szczegóły MARC
000 -ETYKIETA REKORDU
podpole kontrolne o stałej długości 01260nam a2200313 i 4500
001 - NUMER KONTROLNY REKORDU
pole kontrolne bg
003 - IDENTYFIKATOR NUMERU KONTROLNEGO REKORDU
podpole kontrolne BPK
005 - DATA OSTATNIEJ MODYFIKACJI REKORDU
podpole kontrolne 20210318151202.0
008 - POLE O STAŁEJ DŁUGOŚCI - DANE KONTROLNE
podpole kontrolne o stałej długości 061009s2006 pl a f |101 0 eng
015 ## - NUMER BIBLIOGRAFII NARODOWEJ
Numer bibliografii narodowej PB 2006/24717
020 ## - MIĘDZYNARODOWY ZNORMALIZOWANY NUMER KSIĄŻKI - ISBN
ISBN 8388492624
040 ## - ŹRÓDŁO KATALOGOWANIA
Instytucja, która sporządziła opis WA N
Instytucja, która utworzyła rekord BPK
080 ## - UNIWERSALNA KLASYFIKACJA DZIESIĘTNA - UKD
UKD 681.5:004:621.38
080 ## - UNIWERSALNA KLASYFIKACJA DZIESIĘTNA - UKD
UKD (06)
111 2# - NAZWA IMPREZY
Nazwa imprezy MSM '2006
Oznaczenie części/sekcji/imprezy (2 ;
Data imprezy 2006 ;
Miejsce imprezy Kraków).
245 10 - TYTUŁ/ODPOWIEDZIALNOŚĆ
Tytuł Mechatronic systems and materials MSM' 2006 :
Ciąg dalszy tytułu 2nd International Conference, 31 August-3 September 2006 Cracow, Poland : abstracts /
Pozostałe elementy strefy tytułu i oznaczenia odpowiedzialności [kom. red. Maksymilian Gajek et al.].
246 30 - WARIANT TYTUŁU
Tytuł MSM' 2006.
246 30 - WARIANT TYTUŁU
Tytuł 2nd International conference Mechatronic systems and materials.
246 30 - WARIANT TYTUŁU
Tytuł International conference Mechatronic systems and materials, 2.
260 ## - STREFA ADRESU WYDAWNICZEGO
Miejsce wydania Opole :
Nazwa wydawcy/dystrybutora Oficyna Wydawnicza Politechniki Opolskiej,
Data publikacji, dystrybucji/powstania dokumentu [2006].
300 ## - STREFA OPISU FIZYCZNEGO
Objętość 97 s. :
Inne cechy fizyczne il. ;
Rozmiary 30 cm.
504 ## - UWAGA DOTYCZĄCA BIBLIOGRAFII
Informacje o bibliografii Bibliogr. przy streszcz. Indeks.
650 #4 - HASŁO PRZEDMIOTOWE W FORMIE NAZWY OGÓLNEJ LUB JEDNOSTKOWEJ
Nazwa ogólna lub geograficzna Mechatronika
655 #4 - TERMIN INDEKSOWY - OKREŚLENIE RODZAJU/FORMY DOKUMENTU
Określenie rodzaju/formy dokumentu Materiały konferencyjne
710 2# - HASŁO DODATKOWE - NAZWA CIAŁA ZBIOROWEGO
Nazwa ciała zbiorowego lub jednostki geograficznej Politechnika Opolska.
Nazwa jednostki podrzędnej Oficyna Wydawnicza
Kod określenia powiązania pbl.
700 1# - HASŁO DODATKOWE - NAZWA OSOBOWA
Nazwa osobowa Gajek, Maksymilian
Daty związane z nazwą (1944- )
Określenie związku między hasłem a opisywanym materiałem Redakcja
856 ## - LOKALIZACJA I DOSTĘP DO ELEKTRONICZNYCH DOKUMENTÓW ZDALNYCH
Link (URL) http://koha.tu.koszalin.pl/cgi-bin/koha/opac-detail.pl?biblionumber=53207
Tekst linku Katalog online BPK
942 ## - DODATKOWE ELEMENTY (KOHA)
Schemat klasyfikacji Uniwersalna Klasyfikacja Dziesiętna
Typ dokumentu Książka
Egzemplarze
Wycofany Status egzemplarza Uszkodzony Dostępność Lokalizacja stała Lokalizacja bieżąca Miejsce przechowywania Sygnatura Kod kreskowy Dział Typ dokumentu
      Tylko na miejscu Biblioteka Politechniki Koszalińskiej Biblioteka Politechniki Koszalińskiej Czytelnia BG 82871 02350691 681.5 Automatyka. Mechatronika Książka
© 2023 Biblioteka Politechniki Koszalińskiej :: KOHA